|
|
|
|
| LEADER |
01238nam a22002657a 4500 |
| 001 |
43067 |
| 003 |
BD-DhAAL |
| 005 |
20240910170121.0 |
| 008 |
240910t2007 bg a|||| |||| 00| 0 ben d |
| 040 |
|
|
|a BD-DhAAL
|d BD-DhAAL
|
| 041 |
|
|
|a ben
|
| 082 |
|
|
|a 730.954923
|2 20
|
| 100 |
|
|
|a বড়ুয়া, জ্যোতি বিকাশ.
|9 19759
|
| 245 |
|
|
|a বাংলাদেশের প্রচীন বৌদ্ধকীর্তি /
|c জ্যোতি বিকাশ বড়ুয়া.
|
| 246 |
|
|
|a Bangladesher prachin bouddhakirti
|
| 250 |
|
|
|a প্রথম প্রকাশ.
|
| 264 |
|
|
|a ঢাকা :
|b সৌগত প্রকাশন,
|c ২০০৭.
|
| 300 |
|
|
|a ৩৭ পৃষ্টা :
|b চিত্র ;
|c ২১ সে.মি.
|
| 541 |
|
|
|a Donated By Author, Jyoti Bikash Barua
|e 43067
|
| 650 |
|
|
|a Sculpture, Bangladesh.
|9 12703
|
| 650 |
|
|
|a Buddhist gods, in art.
|
| 650 |
|
|
|a Buddhist sculpture
|z Bangladesh.
|
| 942 |
|
|
|2 ddc
|c BK
|
| 999 |
|
|
|c 46969
|d 46969
|
| 952 |
|
|
|0 0
|1 0
|2 ddc
|4 0
|6 730_954923000000000_BAR
|7 0
|9 76181
|a BRACUL
|b BRACUL
|c GEN
|d 2024-09-10
|e Donated By Author, Jyoti Bikash Barua
|g 50.00
|l 0
|o 730.954923 BAR
|p 3010043067
|r 2024-09-10
|t 1
|w 2024-09-10
|y BK
|x Donated By Author, Jyoti Bikash Barua
|